Normal view
MARC view
Entry Personal Name
001 - CONTROL NUMBER
- control field: 44464
003 - CONTROL NUMBER IDENTIFIER
- control field: ARRUPE
005 - DATE AND TIME OF LATEST TRANSACTION
- control field: 20190207112207.0
008 - FIXED-LENGTH DATA ELEMENTS
- fixed length control field: 190207|| aca||aabn | a|a d
040 ## - CATALOGING SOURCE
- Original cataloging agency: ARRUPE
- Transcribing agency: ARRUPE
100 ## - HEADING--PERSONAL NAME
- Personal name: Sobukwe, Robert Mangaliso
670 ## - SOURCE DATA FOUND
- Source citation: Work cat.: (ARRUPE): Sobukwe, Robert Mangaliso, Speeches of Mangaliso Sobukwe, 1978